000 00421nam a22001697a 4500
005 20230821121156.0
008 230818b |||||||| |||| 00| 0 eng d
020 _a978-93-89859-37-9
041 _aeng
082 _a616.8 SPL -S
100 _aSPLITTGERBER, RYAN
_98158
245 _aSNELL'S CLINICAL NEUROANATOMY
260 _aNEW DELHI
_bWOLTER'S KLUWER
_c2020
300 _a562;p
650 _aBPT
_98159
942 _cBK
999 _c8409
_d8407